History Quiz

Random History or Politics Quiz

Hand-Drawn History III Quiz Stats

 Plays Quiz Updated Sep 19, 2016

Support Sporcle.
Go Orange.
Score 0/30 Timer 08:00
1 Play Today
% Correct
The Black Death
97.7%
The first ascent of Mount Everest
96%
The construction of Stonehenge
95.8%
The Saint Valentine's Day Massacre
87.7%
The Spanish Inquisition
85.3%
The Cuban Missile Crisis
84.1%
Benjamin Franklin
83.5%
The attack on Pearl Harbor
82%
The Jack the Ripper murders
81.9%
Magna Carta
77%
Nelson Mandela is released from prison
76%
Red Baron
75.2%
The Lewinsky Scandal
74.7%
Hannibal
69.9%
V-J Day
66.5%
% Correct
Shaka kaSenzangakhona expands the Zulu kingdom
63%
England wins the World Cup
62%
The mutiny on HMS Bounty
61%
Grigori Rasputin acts as healer to Tsesarevich Alexei
60.8%
The Iranian Revolution
60.2%
The Yalta Conference
58.7%
Alexander the Great at the Battle of Issus
49.1%
The War in Bosnia
47.7%
Robert the Bruce hides out on Rathlin Island
42.4%
Niccolò Machiavelli's 'Il Principe' is published
41.4%
Napoleon is exiled to Saint Helena
41.4%
The murder of Thomas Becket
41.2%
The Field of the Cloth of Gold
31.3%
The meeting of Livingstone and Stanley
29.5%
The Great Ziggurat of Ur
21.3%

You're not logged in!

Compare scores with friends on all Sporcle quizzes.
OR
Log In

From the Vault

In Memoriam: 2017

by SporcleEXP

A tribute to those we lost in 2017.
Remove Ads.
Support Sporcle.
Get the best of Sporcle when you Go Orange. This ad-free experience offers more features, more stats, and more fun while also helping to support Sporcle. Thank you for becoming a member.

Show Comments

Extras

Top Quizzes Today


Score Distribution

Your Account Isn't Verified!

In order to create a playlist on Sporcle, you need to verify the email address you used during registration. Go to your Sporcle Settings to finish the process.

Report this User

Report this user for behavior that violates our Community Guidelines.

Details: